Region of Waterloo International Airport Destinations(Breslau, Canada) - Statistics

General Stats
  • This quiz has been taken 15 times
    8 since last reset
  • The average score is 4 of 5
Answer Stats
Airline Destination % Correct
Flair Airlines/WestJet Calgary
100%
Flair Airlines Edmonton
100%
Flair Airlines Vancouver
100%
Flair Airlines Halifax
38%
Flair Airlines Abbotsford
25%
No matching quizzes found
Score Distribution
Percent of People with Each Score
Percentile by Number Answered
Your Score History
You have not taken this quiz since the last reset